Ve stínu erbu /
Román s milostnou zápletkou se odehrává ve vysokých kruzích Francie 18. století.
Uloženo v:
| Hlavní autor: | |
|---|---|
| Médium: | E-kniha |
| Jazyk: | Czech |
| Vydáno: |
Brno :
MOBA,
2021
|
| Vydání: | Vydání třetí, v nakladatelství MOBA vydání druhé |
| Témata: | |
| Tagy: |
Žádné tagy |
| LEADER | 02270nam a2200421 i 4500 | ||
|---|---|---|---|
| 001 | 311280 | ||
| 003 | CZ PrSKC | ||
| 005 | 20260601215702.0 | ||
| 007 | ta | ||
| 008 | 210301s2021 xr g 000 f cze | ||
| 015 | |a cnb003310453 | ||
| 020 | |a 9788024397924 |q (vázáno) | ||
| 035 | |a (OCoLC)1257529427 | ||
| 040 | |a ABG001 |b cze |e rda | ||
| 072 | 7 | |a 821.162.3-3 |x Česká próza |2 Konspekt | |
| 080 | |a 821.162.3-31 |2 MRF | ||
| 080 | |a (0:82-311.6) |2 MRF | ||
| 080 | |a (0:82-312.5) |2 MRF | ||
| 100 | 1 | |a Körnerová, Hana Marie, |d 1954- |7 jn19990201037 |4 aut | |
| 245 | 1 | 0 | |a Ve stínu erbu / |c Hana Marie Körnerová |
| 250 | |a Vydání třetí, v nakladatelství MOBA vydání druhé | ||
| 264 | 1 | |a Brno : |b MOBA, |c 2021 | |
| 300 | |a 254 stran ; |c 21 cm | ||
| 336 | |a text |b txt |2 rdacontent | ||
| 337 | |a bez média |b n |2 rdamedia | ||
| 338 | |a svazek |b nc |2 rdacarrier | ||
| 520 | 2 | |a Román s milostnou zápletkou se odehrává ve vysokých kruzích Francie 18. století. |b Francie za vlády Ludvíka XV. Raymond je druhorozeným synem vlivného hraběte, Frederika dcerou bohatého sicilského vévody. Zasnoubili je už v dětském věku. Raymondův otec potřebuje finance, Frederičin zase politický vliv. Děti se upřímně nenávidí. Přesto ke sňatku o deset let později dojde. Než si novomanželé stačí urovnat nepřátelské vztahy, odjíždí Raymond do války a Frederika je „odložena“ na opuštěný lovecký zámeček. Musí se vypořádat nejen se složitými životními podmínkami, ale i s intrikami Raymondovy rodiny. Nakladatelská anotace. | |
| 655 | 7 | |a české romány |7 fd133974 |2 czenas | |
| 655 | 7 | |a historické romány |7 fd132414 |2 czenas | |
| 655 | 7 | |a milostné romány |7 fd132840 |2 czenas | |
| 655 | 9 | |a Czech fiction |2 eczenas | |
| 655 | 9 | |a historical novels |2 eczenas | |
| 655 | 9 | |a love novels |2 eczenas | |
| 900 | |a ABA001 |b 19 | ||
| 044 | |a xr | ||
| 910 | |a RBIT002 | ||
| 998 | |d 306787 |a https://core.palmknihy.cz/api/books/306787/cover?qmyu3r |b https://core.palmknihy.cz/api/books/306787/cover/400?qmyu3r |c https://core.palmknihy.cz/api/books/306787/cover/50?qmyu3r |e 2028-01-31 |g 352 |i 9788024397924 |j https://core.palmknihy.cz/api/books/306787/preview.epub |l |q 49 |r 1 |s https://www.palmknihy.cz/kniha/306787 |t ebook |y 2021 |z 0 | ||
| 999 | |d 311278 | ||